Sports Quiz

Random Sports or NFL Quiz

Top 50 All Purpose Yards Nfl 2013-2014 Quiz Stats

 Plays Quiz not verified by Sporcle

Also try: MLB Sub-0.900 WHIP
Challenge
Share
Tweet
Embed
Score 0/50 Timer 08:00
0 Plays Today
Team and Position Name % Correct
Philadelphia Eagles RBLeSean McCoy
98.7%
Chicago Bears RBMatt Forte
98%
Kansas City Chiefs RBJamaal Charles
97.7%
Seattle Seahawks RBMarshawn Lynch
97.2%
Pittsburgh Steelers WR/PRAntonio Brown
96.7%
Cleveland Browns WRJosh Gordon
96.7%
Denver Broncos RBKnowshon Moreno
94.4%
Chicago Bears KR/PRDevin Hester
94.1%
Detroit Lions WRCalvin Johnson
94.1%
Tennessee Titans RBChris Johnson
94.1%
Houston Texans WRAndre Johnson
94.1%
Minnesota Vikings RBAdrian Peterson
93.6%
Philadelphia Eagles WRDeSean Jackson
93.6%
Buffalo Bills RBFred Jackson
93.6%
Tampa Bay Buccanears WRVincent Jackson
93.6%
Chicago Bears WRBrandon Marshall
93.1%
Chicago Bears WRAlshon Jeffery
92.4%
Detroit Lions RBReggie Bush
92.4%
Denver Broncos WRDemaryius Thomas
92.1%
Cincinnati Bengals WRA.J. Green
91.6%
Minnesota Vikings WR/KRCordarrelle Patterson
90.6%
Green Bay Packers WRJordy Nelson
90.6%
Dallas Cowboys RBDemarco Murray
90.1%
Green Bay Packers RBEddie Lacy
89.8%
Washington Redskins RBAlfred Morris
89.6%
Team and Position Name % Correct
Washington Redskins WRPierre Garcon
89.3%
San Francisco 49ers RBFrank Gore
88.8%
Pittsburgh Steelers RBLe'Veon Bell
88.5%
New Orleans Saints TEJimmy Graham
88.5%
Detroit Lions RBJoique Bell
88.5%
Dallas Cowboys WRDez Bryant
87.8%
San Diego Chargers RBRyan Mathews
86.5%
Denver Broncos WREric Decker
85%
San Francisco 49ers WRAnquan Boldin
84.2%
Indianapolis Colts WR/PRT.Y. Hilton
84%
Baltimore Ravens WR/KR/PRJacoby Jones
83.7%
New England Patriots WR/PRJulian Edelman
83.5%
Seattle Seahawks WR/PRGolden Tate
83.2%
Cincinnati Bengals KR/PRBrandon Tate
83.2%
New Orleans Saints RB/KR/PRDarren Sproles
82.7%
Cincinnati Bengals RBGiovani Bernard
79.9%
St. Louis Rams WR/KR/PRTavon Austin
76.6%
San Diego Chargers RB/KRDanny Woodhead
74.6%
Atlanta Falcons RB/KRJacquizz Rodgers
63.6%
New England Patriots RB/KRLeGarrette Blount
60.3%
Kansas City Chiefs WR/PRDexter McCluster
54.7%
Carolina Panthers WR/KR/PRTed Ginn Jr.
53.4%
Dallas Cowboys KR/PRDwayne Harris
26.2%
Houston Texans KR/PRKeshawn Martin
19.1%
Miami Dolphins KR/PRMarcus Thigpen
8.7%

You're not logged in!

Compare scores with friends on all Sporcle quizzes.
Join for Free
OR
Log In

You Might Also Like...

Show Comments

Extras

Created Aug 27, 2014ReportFavoriteNominate
Tags:NFL Quiz, Top 50

Top Quizzes Today


Score Distribution

Your Account Isn't Verified!

In order to create a playlist on Sporcle, you need to verify the email address you used during registration. Go to your Sporcle Settings to finish the process.

Report this User

Report this user for behavior that violates our Community Guidelines.

Details: